000 00415nam a22001697a 4500
003 MPLRDC
005 20220104163653.0
008 210129b ||||| |||| 00| 0 eng d
020 _a0-582-53521-2
082 _a859.6 WEST
100 _aMICHAEL WEST
245 _aFIVE FAMOUS FAIRY TALES
_c
260 _a
_bLONGMAN GROUP LTD
_c1985
300 _b
650 _aCHILDREN LITERATURE
942 _cBK
_o859.6 WEST
999 _c56581
_d56571